La inteligencia, el interés y la actitud

Αποθηκεύτηκε σε:
Λεπτομέρειες βιβλιογραφικής εγγραφής
Κύριοι συγγραφείς: Terman, Lewis M (Συγγραφέας), Anderson, John E (Συγγραφέας), Binney, James (Συγγραφέας), Crow, Lester D (Συγγραφέας), MacLean, Malcolm S (Συγγραφέας), Moorse, Mervyn M (Συγγραφέας), Vernon, P. E (Συγγραφέας)
Μορφή: Βιβλίο
Γλώσσα:Ισπανικά
Έκδοση: Buenos Aires Paidós 1965
Σειρά:Biblioteca del Educador Contemporáneo, 16
Θέματα:
Ετικέτες: Προσθήκη ετικέτας
Δεν υπάρχουν, Καταχωρήστε ετικέτα πρώτοι!

MARC

LEADER 00000nam a2200000 a 4500
001 UCZ9857
003 CL-VaPUC
008 960311e19650000AG |||||||||||||||||spa|d
082 0 4 |a 370.152  |b TER  |2 21 
100 0 |a Terman, Lewis M  |e author  |9 354783 
700 0 |a Anderson, John E  |e author  |9 354784 
700 0 |a Binney, James  |e author  |9 354785 
700 0 |a Crow, Lester D  |e author  |9 354786 
700 0 |a MacLean, Malcolm S  |e author  |9 354787 
700 0 |a Moorse, Mervyn M  |e author  |9 354788 
700 0 |a Vernon, P. E  |e author  |9 354789 
245 1 3 |a La inteligencia, el interés y la actitud 
300 |a 95 p 
942 |c BK 
945 |d 19960311 00:00:00  |a paguirre 
260 |a Buenos Aires  |b Paidós  |c 1965 
650 0 |a Inteligencia  |9 267038 
650 0 |a Procesos mentales superiores  |9 330839 
650 0 |a Procesos de aprendizaje  |9 309161 
650 0 |a Interés  |9 336484 
650 0 |a Actitud del alumno  |9 310214 
650 7 |a COMPORTAMIENTO DEL ALUMNO  |2 CL-VaPUC  |9 338060 
583 |a last modification  |c 19960311 00:00:00  |k Rodrigo Vera 
490 0 |a Biblioteca del Educador Contemporáneo, 16 
999 |c 244913  |d 244911 
952 |0 0  |1 0  |4 0  |6 370_152000000000000_TER_1965  |7 0  |8 P  |9 259189  |a BIBEDU  |b BIBEDU  |c BIBEDU_PB  |d 2019-11-19  |i 163089K  |o 370.152 TER 1965  |p 163089K  |r 2024-01-25  |w 2019-11-19  |y BK  |k EDU 
952 |0 0  |1 0  |4 0  |6 370_152000000000000_TER_1965  |7 0  |8 A  |9 259190  |a FDOPOS  |b FDOPOS  |d 2019-11-19  |i 369075K  |o 370.152 TER 1965  |p 369075K  |r 2025-01-22  |w 2019-11-19  |y BK  |k MLA